Islândia - Statistics

Estatísticas Gerais
  • Esse quiz foi jogado 18 vezes
  • A pontuação média é 7 de 13
Estatísticas das Respostas
Hint Resposta % Correto
Onde fica? Europa
100%
Qual é o seu código ISO? ISL
100%
Qual é o seu idioma? Islandês
94%
De que país é independente? Dinamarca
75%
Qual é o desporto mais popular? Futebol
75%
Que famosa cadeia de fast-food não existe no país? MC Donalds
56%
Qual é a sua capital? Reiquiavique
50%
Qual é a cantora mais conhecida? Björk
31%
Qual é a sua religião? Luteranismo
31%
Qual é a sua moeda? Coroa islandesa
25%
Qual é o produto lácteo mais consumido? Skyr
13%
Por que fenómeno natural é conhecido o país? Auroras Boreais
6%
Qual é o seu prato típico? Þorramatur
0%
Nenhum quiz correspondente encontrado
Distribuição das Pontuações
Porcentagem de Pessoas com Cada Pontuação
Percentil de Números Respondidos
Sua Pontuação Histórica
Você não jogou esse quiz